Das ewige Antlitz : eine Sammlung von Totenmasken /
Saved in:
| Main Author: | |
|---|---|
| Format: | Book |
| Language: | German |
| Published: |
Berlin :
Frankfurter Verlags-Anstalt,
1927.
|
| Edition: | 2. durchgesehene Aufl. |
| ISBN: |
(viaz.) |
| Physical Description: |
xii, 73 s., : 112 s. obr. príl., portréty. |
| Tags: |
Add Tag
No Tags, Be the first to tag this record!
|
Titul je dostupný aj v ... 

MARC
| LEADER | 00000cam a22000001a 4500 | ||
|---|---|---|---|
| 001 | 000466721 | ||
| 005 | 20150428164815.0 | ||
| 008 | 090611s1927 gw e ger d | ||
| 020 | |a (viaz.) |c Kčs 60,00 | ||
| 040 | |a SVKKK |b slo |c SVKKK |e AACR2 | ||
| 041 | 0 | |a ger | |
| 044 | |a gw |c DE | ||
| 100 | 1 | |a Benkard, Ernst |4 aut | |
| 245 | 1 | 4 | |a Das ewige Antlitz : |b eine Sammlung von Totenmasken / |c Ernst Benkard ; mit einem Geleitwort von Georg Kolbe. |
| 250 | |a 2. durchgesehene Aufl. | ||
| 260 | |a Berlin : |b Frankfurter Verlags-Anstalt, |c 1927. | ||
| 300 | |a xii, 73 s., : |b 112 s. obr. príl., portréty. | ||
| 500 | |a Obsahuje register | ||
| 910 | |a svkkk | ||
| 998 | |a BK | ||
| 090 | |g SCKHL |k Sklad Pribinova 1. posch. |a IV.21896 |j 186632 |i 466721-10 |s Prezenčne | ||